000 00432nam a2200181Ia 4500
008 210210b2012 xxu||||| |||| 00| 0 eng d
020 _a9788189472955
041 _aeng
082 _a820.09 KAPC
100 _aKAPOOR (Anil S)
245 _aCritical prespectives
260 _aJaipur
_b-
_c2012
300 _aviii,270
650 _aprespectives
650 _aCritical
690 _aIndian English Criticism
906 _a067634
999 _c152760
_d152760